[Event "DEN-chT 2122 59th"]
[White "Sylvan, Jacob"]
[Black "Ostergaard, Rasmus"]
[Site "Denmark"]
[Round "6.6"]
[Result "1-0"]
[Date "2022.01.30"]
[WhiteElo "2295"]
[BlackElo "2102"]
[PlyCount "109"]
[EventDate "2021.10.30"]
[EventType "team-tourn"]
[EventRounds "9"]
[EventCountry "DEN"]
[SourceTitle "EXT 2024"]
[Source "ChessBase"]
[SourceDate "2023.10.10"]
[SourceVersion "1"]
[SourceVersionDate "2023.10.10"]
[SourceQuality "1"]
[WhiteTeam "Nordkallotten"]
[BlackTeam "Fredericia"]
[WhiteTeamCountry "DEN"]
[BlackTeamCountry "DEN"]

1. e4 e5 2. Nf3 Nc6 3. Bb5 a6 4. Ba4 Nf6 5. 0-0 Be7 6. d3 d6 7. c3 0-0 8. Re1 Nd7 9. Nbd2 Bf6 10. Nf1 b5 11. Bc2 Nb6 12. h3 Re8 13. d4 Bd7 14. Ne3 exd4 15. cxd4 Rb8 16. Ng4 Be7 17. a3 h5 18. Ne3 Bf6 19. Rb1 g6 20. b3 Ne7 21. Bb2 Bg7 22. a4 Nc6 23. Qd2 bxa4 24. bxa4 a5 25. Bc3 Nb4 26. Bxb4 axb4 27. a5 Na4 28. Rxb4 Rxb4 29. Qxb4 c5 30. Qd2 cxd4 31. Nxd4 Nc5 32. Nd5 f5 33. f3 Qh4 34. Nb3 fxe4 35. Nxc5 dxc5 36. Rxe4 Rxe4 37. Bxe4 Bd4+ 38. Kh2 g5 39. Ne7+ Kf7 40. Ng6 Qf2 41. Qxf2 Bxf2 42. h4 gxh4 43. Ne5+ Ke6 44. Nxd7 Kxd7 45. Bd3 Ke6 46. Bc4+ Kf6 47. a6 Bg3+ 48. Kh3 Bb8 49. Kxh4 Kg6 50. f4 Ba7 51. Kg3 Kf5 52. Kf3 Bb8 53. Bd3+ Ke6 54. Ke4 Kd6 55. Bc4 1-0

[Event "DEN-chT1 Gr2 1718"]
[White "Ostergaard, Rasmus"]
[Black "Andersen, Christian Nors"]
[Site "Denmark"]
[Round "2"]
[Result "1-0"]
[Date "2017.12.03"]
[WhiteElo "2116"]
[BlackElo "1946"]
[PlyCount "57"]
[EventDate "2017.11.19"]
[EventType "team-tourn"]
[EventRounds "7"]
[EventCountry "DEN"]
[SourceTitle "EXT 2019"]
[Source "ChessBase"]
[SourceDate "2018.10.10"]
[SourceVersion "1"]
[SourceVersionDate "2018.10.10"]
[SourceQuality "1"]
[WhiteTeam "Fredericia"]
[BlackTeam "Haderslev"]
[WhiteTeamCountry "DEN"]
[BlackTeamCountry "DEN"]

1. d4 Nf6 2. c4 g6 3. Nc3 Bg7 4. e4 d6 5. Nf3 0-0 6. Be2 e5 7. 0-0 Nc6 8. d5 Ne7 9. b4 Nd7 10. a4 a5 11. bxa5 Nc5 12. Ba3 f5 13. Ng5 h6 14. Bxc5 dxc5 15. Ne6 Bxe6 16. dxe6 Rxa5 17. Qb3 fxe4 18. Rfd1 Qc8 19. Rd7 Nf5 20. Nd5 Nd4 21. Qe3 Kh7 22. Qxe4 Nxe6 23. Re7 Rd8 24. Nf6+ Kh8 25. Qxg6 Rd1+ 26. Bxd1 Qg8 27. Re8 Nf8 28. Rxf8 Bxf8 29. Qxg8# 1-0

[Event "Politiken Cup 32nd"]
[White "Ostergaard, Rasmus"]
[Black "Larsen, Karsten"]
[Site "Copenhagen"]
[Round "10"]
[Result "0-1"]
[Date "2010.08.08"]
[WhiteElo "2145"]
[BlackElo "2293"]
[PlyCount "70"]
[EventDate "2010.07.31"]
[EventType "swiss"]
[EventRounds "10"]
[EventCountry "DEN"]
[SourceTitle "CBM 137 Extra"]
[Source "ChessBase"]
[SourceDate "2010.09.01"]
[SourceVersion "1"]
[SourceVersionDate "2010.09.01"]
[SourceQuality "1"]

1. d4 Nf6 2. c4 c5 3. d5 d6 4. Nc3 e5 5. e4 Be7 6. Bd3 h6 7. h3 Nh7 8. Nf3 Ng5 9. 0-0 0-0 10. a3 Nxf3+ 11. Qxf3 Bg5 12. b4 b6 13. Rb1 g6 14. Qe2 Nd7 15. Bc2 Nf6 16. bxc5 bxc5 17. Ba4 a6 18. Bc6 Ra7 19. Kh2 Nh5 20. g3 Bxc1 21. Rfxc1 f5 22. exf5 Bxf5 23. Rb2 Raf7 24. Rf1 Qc8 25. Ne4 Bxe4 26. Qxe4 Kg7 27. Kg2 Nf6 28. Qe3 Nh7 29. h4 Qg4 30. Qc3 Rf3 31. Rb7+ Kh8 32. Qa5 Rxg3+ 33. fxg3 Qe2+ 34. Kh3 Qxf1+ 35. Kg4 Qf5# 0-1

[Event "Politiken Cup 32nd"]
[White "Meier, Lars"]
[Black "Ostergaard, Rasmus"]
[Site "Copenhagen"]
[Round "8"]
[Result "0-1"]
[Date "2010.08.06"]
[WhiteElo "1934"]
[BlackElo "2145"]
[PlyCount "70"]
[EventDate "2010.07.31"]
[EventType "swiss"]
[EventRounds "10"]
[EventCountry "DEN"]
[SourceTitle "CBM 137 Extra"]
[Source "ChessBase"]
[SourceDate "2010.09.01"]
[SourceVersion "1"]
[SourceVersionDate "2010.09.01"]
[SourceQuality "1"]

1. e4 e5 2. Nf3 Nc6 3. Bb5 a6 4. Bxc6 dxc6 5. h3 Be7 6. 0-0 Bf6 7. c3 c5 8. d3 Be6 9. Be3 Qd6 10. d4 cxd4 11. cxd4 exd4 12. e5 Bxe5 13. Nxe5 dxe3 14. Qa4+ c6 15. Nf3 exf2+ 16. Rxf2 Nf6 17. Nc3 0-0 18. Qh4 Rad8 19. Raf1 Rfe8 20. Ng5 h6 21. Rxf6 Qc5+ 22. R6f2 Qxg5 23. Qb4 Rd7 24. b3 c5 25. Qe4 Rde7 26. h4 Qg3 27. Rf3 Qc7 28. Qc2 b5 29. Qc1 Qe5 30. Rf4 Bd5 31. Nxd5 Qxd5 32. Qc3 Re3 33. Qa5 Re2 34. R4f3 Qd4+ 35. R3f2 Rxf2 0-1

[Event "Politiken Cup 32nd"]
[White "Ostergaard, Rasmus"]
[Black "Eisele, Per"]
[Site "Copenhagen"]
[Round "7"]
[Result "0-1"]
[Date "2010.08.05"]
[WhiteElo "2145"]
[BlackElo "1804"]
[PlyCount "50"]
[EventDate "2010.07.31"]
[EventType "swiss"]
[EventRounds "10"]
[EventCountry "DEN"]
[SourceTitle "CBM 137 Extra"]
[Source "ChessBase"]
[SourceDate "2010.09.01"]
[SourceVersion "1"]
[SourceVersionDate "2010.09.01"]
[SourceQuality "1"]

1. d4 Nc6 2. d5 Ne5 3. e4 e6 4. f4 Ng6 5. dxe6 fxe6 6. Nf3 Bc5 7. Nc3 Nh6 8. f5 exf5 9. Bg5 Be7 10. Bxh6 gxh6 11. exf5 Nh4 12. Ne5 0-0 13. Bc4+ Kh8 14. 0-0 Bc5+ 15. Kh1 Qf6 16. Nxd7 Bxd7 17. Qxd7 Rad8 18. Qe6 Qg7 19. Qe4 Rd4 20. f6 Qg5 21. Qe2 Rxc4 22. g3 Rxc3 23. Rad1 Re3 24. gxh4 Rxe2 25. hxg5 hxg5 0-1

[Event "DEN-ch cand"]
[White "Ostergaard, Rasmus"]
[Black "Christensen, Bo Garner"]
[Site "Aalborg"]
[Round "1"]
[Result "0-1"]
[Date "2007.04.03"]
[WhiteElo "2074"]
[BlackElo "2221"]
[PlyCount "106"]
[EventDate "2007.04.03"]
[EventType "swiss"]
[EventRounds "7"]
[EventCountry "DEN"]
[SourceTitle "EXT 2023"]
[Source "ChessBase"]
[SourceDate "2022.10.05"]
[SourceVersion "1"]
[SourceVersionDate "2022.10.05"]
[SourceQuality "1"]

1. d4 Nf6 2. c4 c5 3. d5 e6 4. Nc3 exd5 5. cxd5 d6 6. e4 g6 7. h3 Bg7 8. Nf3 0-0 9. Bd3 Re8 10. 0-0 Na6 11. Re1 Nc7 12. Bf4 a6 13. a4 b6 14. Qd2 Rb8 15. e5 Nfxd5 16. exd6 Nxf4 17. dxc7 Rxe1+ 18. Rxe1 Qxc7 19. Re8+ Bf8 20. Bc4 Be6 21. Rxb8 Qxb8 22. Bxa6 c4 23. Ng5 Bh6 24. Nce4 Qe5 25. Qd8+ Kg7 26. Qe7 Bxg5 27. Nxg5 Qe1+ 28. Kh2 Qxf2 29. Nxe6+ Nxe6 30. Qb4 Nf4 31. Qc3+ f6 32. Qg3 Qd4 33. Qc3 Qxc3 34. bxc3 Nd5 35. Bxc4 Nxc3 36. Bb3 g5 37. g4 Kf8 38. Kg3 Ke7 39. Kf3 Kd6 40. Ke3 Ke5 41. Kd3 Nd5 42. Kc4 Nc7 43. Bc2 h6 44. Bf5 h5 45. Bd7 h4 46. Bc6 Kf4 47. Kd4 Kg3 48. Ke4 Kxh3 49. Kf5 Kg3 50. Kxf6 Kxg4 51. Ke7 h3 52. Bb7 h2 53. Kd7 Na6 0-1

[Event "Politiken Cup 28th"]
[White "Pedersen, Bent O"]
[Black "Ostergaard, Rasmus"]
[Site "Copenhagen"]
[Round "9"]
[Result "0-1"]
[Date "2006.07.30"]
[WhiteElo "2027"]
[BlackElo "2173"]
[PlyCount "78"]
[EventDate "2006.07.22"]
[EventType "swiss"]
[EventRounds "9"]
[EventCountry "DEN"]
[SourceTitle "CBM 113 Extra"]
[Source "ChessBase"]
[SourceDate "2006.09.14"]
[SourceVersion "1"]
[SourceVersionDate "2006.09.14"]
[SourceQuality "1"]

1. e4 e5 2. Nf3 Nc6 3. Bb5 a6 4. Ba4 Nf6 5. 0-0 Be7 6. Re1 b5 7. Bb3 d6 8. c3 0-0 9. h3 Nb8 10. d4 Nbd7 11. Nbd2 Bb7 12. Bc2 Re8 13. Nf1 Bf8 14. Ng3 g6 15. Bg5 h6 16. Bd2 Bg7 17. a4 c5 18. axb5 axb5 19. Rxa8 Qxa8 20. Qa1 Rc8 21. dxe5 dxe5 22. Qc1 Kh7 23. h4 h5 24. Ng5+ Kg8 25. f4 exf4 26. Bxf4 Ng4 27. Bd6 Nde5 28. Qf4 Rc6 29. Rd1 Qe8 30. Nf5 gxf5 31. exf5 f6 32. Ne6 Bh6 33. Qg3 c4 34. Bxe5 Rxe6 35. fxe6 fxe5 36. Bf5 Be3+ 37. Kh1 Bf2 38. Qh3 Ne3 39. Bh7+ Kh8 0-1

[Event "Politiken Cup 28th"]
[White "Ostergaard, Rasmus"]
[Black "Nielsen, Thomas"]
[Site "Copenhagen"]
[Round "8"]
[Result "0-1"]
[Date "2006.07.29"]
[WhiteElo "2173"]
[BlackElo "1956"]
[PlyCount "76"]
[EventDate "2006.07.22"]
[EventType "swiss"]
[EventRounds "9"]
[EventCountry "DEN"]
[SourceTitle "CBM 113 Extra"]
[Source "ChessBase"]
[SourceDate "2006.09.14"]
[SourceVersion "1"]
[SourceVersionDate "2006.09.14"]
[SourceQuality "1"]

1. d4 d5 2. c4 e6 3. Nc3 c5 4. cxd5 exd5 5. Nf3 Nc6 6. g3 Nf6 7. Bg2 Be7 8. 0-0 0-0 9. Bg5 cxd4 10. Nxd4 h6 11. Be3 Re8 12. Rc1 Bg4 13. h3 Be6 14. Nxc6 bxc6 15. Na4 Qd7 16. Kh2 Bf5 17. Bc5 Be4 18. Bxe7 Bxg2 19. Kxg2 Rxe7 20. Nc5 Qd6 21. e3 Rb8 22. Qd4 a5 23. Rc2 Rb4 24. Qd3 d4 25. e4 Re5 26. Rfc1 Rb5 27. Nb3 Rxe4 28. Rxc6 Qd5 29. R1c5 Rxc5 30. Rxc5 Qb7 31. Rb5 Qc6 32. Nxa5 Qa8 33. Nb7 Re7 34. Qf3 d3 35. Nc5 Qxf3+ 36. Kxf3 d2 37. Rb8+ Kh7 38. Rd8 Nd7 0-1

[Event "Politiken Cup 28th"]
[White "Ostergaard, Rasmus"]
[Black "Hernandez Castro, Julio Cesar"]
[Site "Copenhagen"]
[Round "2"]
[Result "0-1"]
[Date "2006.07.23"]
[WhiteElo "2173"]
[BlackElo "1916"]
[PlyCount "50"]
[EventDate "2006.07.22"]
[EventType "swiss"]
[EventRounds "9"]
[EventCountry "DEN"]
[SourceTitle "CBM 113 Extra"]
[Source "ChessBase"]
[SourceDate "2006.09.14"]
[SourceVersion "1"]
[SourceVersionDate "2006.09.14"]
[SourceQuality "1"]

1. d4 Nf6 2. c4 e6 3. Nc3 Bb4 4. e3 b6 5. Bd3 Bb7 6. Nge2 d5 7. 0-0 0-0 8. a3 Bd6 9. Ng3 dxc4 10. Bxc4 c5 11. Nb5 Nc6 12. Nxd6 Qxd6 13. dxc5 Qxc5 14. Qe2 Ne5 15. Ba2 a5 16. Rd1 Rfd8 17. Rxd8+ Rxd8 18. Bd2 Bf3 19. Qe1 Nd3 20. Qb1 Bb7 21. Bc3 Ng4 22. Nh1 Nxe3 23. fxe3 Qxe3+ 24. Kf1 Ba6 25. g3 Nf4+ 0-1

[Event "Politiken Cup 27th"]
[White "Ostergaard, Rasmus"]
[Black "Eriksson, Claes"]
[Site "Copenhagen"]
[Round "7"]
[Result "1-0"]
[Date "2005.07.21"]
[WhiteElo "2184"]
[BlackElo "2065"]
[PlyCount "137"]
[EventDate "2005.07.16"]
[EventType "swiss"]
[EventRounds "10"]
[EventCountry "DEN"]
[SourceTitle "CBM 107 Extra"]
[Source "ChessBase"]
[SourceDate "2005.09.01"]
[SourceVersion "1"]
[SourceVersionDate "2005.09.01"]
[SourceQuality "1"]

1. d4 Nf6 2. c4 c5 3. d5 b5 4. cxb5 a6 5. bxa6 g6 6. Nc3 Bxa6 7. e4 Bxf1 8. Kxf1 d6 9. g3 Bg7 10. Kg2 Nbd7 11. Nf3 0-0 12. Re1 Ra6 13. h3 Qa8 14. Bf4 Nb6 15. Qe2 Rb8 16. Rac1 Na4 17. Rc2 Qb7 18. Bc1 e6 19. dxe6 fxe6 20. e5 Nxc3 21. bxc3 Nd5 22. Rb2 Rb6 23. Rxb6 Nxb6 24. exd6 Re8 25. Qe4 Qd7 26. c4 Qxd6 27. Ne5 Bxe5 28. Qxe5 Nxc4 29. Qe4 Qa6 30. Bh6 Nd6 31. Qe5 Nf5 32. Be3 Nxe3+ 33. Rxe3 Qxa2 34. Qxc5 Rf8 35. Rc3 Qd2 36. Rc2 Qd3 37. Qc6 Qf5 38. Re2 Qd5+ 39. Qxd5 exd5 40. Re7 Rd8 41. Kf3 d4 42. Ke2 d3+ 43. Kd2 Rf8 44. f4 Ra8 45. Re3 Kf7 46. Rxd3 Kf6 47. Ke3 Ra6 48. Rb3 h6 49. g4 Rc6 50. h4 Ra6 51. Kf3 Rc6 52. g5+ hxg5 53. hxg5+ Kf5 54. Rb5+ Ke6 55. Rb7 Rc3+ 56. Kg4 Rc1 57. Rg7 Rg1+ 58. Kf3 Rf1+ 59. Kg3 Kf5 60. Rf7+ Ke4 61. Re7+ Kd5 62. Re8 Rg1+ 63. Kf2 Ra1 64. Re7 Ra3 65. Re3 Ra2+ 66. Kf3 Rh2 67. Re8 Rb2 68. Rd8+ Ke6 69. Rf8 1-0

[Event "Politiken Cup 25th"]
[White "Brinck Claussen, Bjorn"]
[Black "Ostergaard, Rasmus"]
[Site "Copenhagen"]
[Round "5"]
[Result "1-0"]
[Date "2003.07.18"]
[WhiteElo "2355"]
[BlackElo "2166"]
[PlyCount "73"]
[EventDate "2003.07.14"]
[EventType "swiss"]
[EventRounds "11"]
[EventCountry "DEN"]
[SourceTitle "CBM 095 Extra"]
[Source "ChessBase"]
[SourceDate "2003.09.04"]
[SourceVersion "1"]
[SourceVersionDate "2003.09.04"]
[SourceQuality "1"]

1. e4 e5 2. Nf3 Nc6 3. Bb5 a6 4. Ba4 Nf6 5. 0-0 Be7 6. Re1 b5 7. Bb3 d6 8. c3 0-0 9. h3 Nd7 10. d4 Bf6 11. a4 Bb7 12. Na3 exd4 13. cxd4 Re8 14. Bf4 Na5 15. Bc2 b4 16. Nb1 Nf8 17. Nbd2 Ne6 18. Be3 c5 19. e5 dxe5 20. dxe5 Be7 21. Qe2 Qb6 22. Rad1 b3 23. Nxb3 Nxb3 24. Qd3 g6 25. Qxb3 Qc6 26. Bd3 Rad8 27. Bc4 Kg7 28. a5 Qc7 29. Bxe6 fxe6 30. Ng5 Qc6 31. Nxe6+ Kh8 32. f3 Rd5 33. Qxd5 Qxd5 34. Rxd5 Bxd5 35. Nc7 Rd8 36. Rd1 Bc4 37. Rc1 1-0

[Event "Politiken Cup 25th"]
[White "Ostergaard, Rasmus"]
[Black "Udmark, Jonas"]
[Site "Copenhagen"]
[Round "4"]
[Result "1/2-1/2"]
[Date "2003.07.17"]
[WhiteElo "2166"]
[BlackElo "1964"]
[PlyCount "50"]
[EventDate "2003.07.14"]
[EventType "swiss"]
[EventRounds "11"]
[EventCountry "DEN"]
[SourceTitle "CBM 095 Extra"]
[Source "ChessBase"]
[SourceDate "2003.09.04"]
[SourceVersion "1"]
[SourceVersionDate "2003.09.04"]
[SourceQuality "1"]

1. d4 d5 2. c4 c6 3. Nf3 a6 4. Qc2 Nf6 5. Bf4 Bg4 6. Nbd2 e6 7. e3 Bf5 8. Bd3 Bxd3 9. Qxd3 Nbd7 10. 0-0 Be7 11. Rfd1 0-0 12. e4 dxe4 13. Nxe4 Nxe4 14. Qxe4 Nf6 15. Qe2 Bd6 16. Bg5 Be7 17. Ne5 Rc8 18. Rd3 Nd7 19. Nxd7 Qxd7 20. Bxe7 Qxe7 21. d5 cxd5 22. cxd5 Rfd8 23. Rad1 Rd6 24. h3 h6 25. Qe4 Re8 1/2-1/2

[Event "Tage Sorensen Memorial"]
[White "Ostergaard, Rasmus"]
[Black "Pedersen, Kim"]
[Site "Holbak"]
[Round "4"]
[Result "1-0"]
[Date "2001.06.26"]
[WhiteElo "2183"]
[BlackElo "2227"]
[PlyCount "89"]
[EventDate "2001.06.23"]
[EventType "swiss"]
[EventRounds "9"]
[EventCountry "DEN"]
[SourceTitle "EXT 2002"]
[Source "ChessBase"]
[SourceDate "2001.11.25"]
[SourceVersion "1"]
[SourceVersionDate "2001.11.25"]
[SourceQuality "1"]

1. d4 d5 2. c4 e6 3. Nc3 f5 4. Bf4 c6 5. e3 Nf6 6. Nf3 Be7 7. Ne5 0-0 8. Be2 Nbd7 9. 0-0 Nxe5 10. Bxe5 dxc4 11. Bxc4 Nd5 12. e4 fxe4 13. Nxe4 Bf6 14. Re1 Bxe5 15. dxe5 Qh4 16. g3 Qh6 17. Qg4 b6 18. h4 Kh8 19. Nd6 Bd7 20. Rac1 Qd2 21. Qe2 Qa5 22. Qe4 Qd2 23. Rc2 Qh6 24. Qg4 Nb4 25. Rc3 c5 26. a3 Nc6 27. Qe4 Qd2 28. Re2 Qd1+ 29. Re1 Qd4 30. Ree3 Qxe4 31. Rxe4 Nd4 32. f4 Bc6 33. Ree3 a5 34. Bf1 a4 35. Bg2 Bxg2 36. Kxg2 g6 37. Red3 Ra7 38. Kf2 Kg7 39. Ke3 h6 40. Rd2 Rc7 41. Ke4 Nb3 42. Rd1 Rd8 43. h5 c4 44. hxg6 Kxg6 45. g4 1-0

[Event "Skovlunde Pinse op"]
[White "Frederiksen, Henrik"]
[Black "Ostergaard, Rasmus"]
[Site "Skovlunde"]
[Round "?"]
[Result "0-1"]
[Date "1999.??.??"]
[WhiteElo "2142"]
[BlackElo "2179"]
[PlyCount "66"]
[EventDate "1999.??.??"]
[EventType "swiss"]
[EventRounds "5"]
[EventCountry "DEN"]
[SourceTitle "EXT 2003"]
[Source "ChessBase"]
[SourceDate "2002.11.25"]
[SourceVersion "1"]
[SourceVersionDate "2002.11.25"]
[SourceQuality "1"]

1. d4 d5 2. c4 c6 3. Nc3 Nf6 4. Nf3 e6 5. e3 Nbd7 6. Bd3 dxc4 7. Bxc4 b5 8. Bd3 Bb7 9. 0-0 a6 10. a4 b4 11. Nb1 c5 12. Nbd2 Qc7 13. Qc2 Rc8 14. b3 cxd4 15. Qxc7 Rxc7 16. Nxd4 Bc5 17. Bb2 Ke7 18. Nc4 Bd5 19. f3 Ba7 20. Kh1 Nc5 21. Rad1 Nxd3 22. Rxd3 Bxc4 23. bxc4 Rxc4 24. a5 Rd8 25. Rfd1 Rd5 26. e4 Bxd4 27. Bxd4 Rxa5 28. Bb6 Rb5 29. Bd8+ Kf8 30. Rd6 b3 31. Rxa6 b2 32. Ra8 Ne8 33. Bc7 Rxc7 0-1

[Event "Skovlunde Pinse op"]
[White "Ostergaard, Rasmus"]
[Black "Nilssen, John Arni"]
[Site "Skovlunde"]
[Round "?"]
[Result "0-1"]
[Date "1999.??.??"]
[WhiteElo "2179"]
[BlackElo "2320"]
[PlyCount "66"]
[EventDate "1999.??.??"]
[EventType "swiss"]
[EventRounds "5"]
[EventCountry "DEN"]
[SourceTitle "EXT 2003"]
[Source "ChessBase"]
[SourceDate "2002.11.25"]
[SourceVersion "1"]
[SourceVersionDate "2002.11.25"]
[SourceQuality "1"]

1. d4 Nf6 2. c4 e6 3. Nc3 Bb4 4. Qc2 0-0 5. a3 Bxc3+ 6. Qxc3 b5 7. cxb5 c6 8. e3 cxb5 9. Bxb5 Qb6 10. Qc5 Qb7 11. Nf3 Ne4 12. Qb4 a5 13. Qa4 Qd5 14. 0-0 Bb7 15. Ne1 Rc8 16. f3 Nd6 17. Bd3 f5 18. Be2 Nc4 19. Nd3 Ba6 20. Qd1 a4 21. Nb4 Qb7 22. e4 Bb5 23. d5 Na6 24. Qd4 Nc5 25. Rb1 Nb3 26. Qf2 fxe4 27. fxe4 Rf8 28. Qg3 Qb6+ 29. Kh1 Ncd2 30. Bxd2 Nxd2 31. Bxb5 Qxb5 32. Rfe1 Nxb1 33. Rxb1 Rf1+ 0-1

[Event "Copenhagen Sommerskak op"]
[White "Jorgensen, Michael"]
[Black "Ostergaard, Rasmus"]
[Site "Copenhagen"]
[Round "?"]
[Result "1-0"]
[Date "1997.??.??"]
[WhiteElo "2275"]
[BlackElo "2180"]
[PlyCount "51"]
[EventDate "1997.??.??"]
[EventType "swiss"]
[EventRounds "10"]
[EventCountry "DEN"]
[SourceTitle "EXT 1999"]
[Source "ChessBase"]
[SourceDate "1998.11.16"]
[SourceVersion "1"]
[SourceVersionDate "1998.11.16"]
[SourceQuality "1"]

1. d4 Nf6 2. c4 e6 3. Nf3 d5 4. Nc3 c5 5. cxd5 Nxd5 6. e4 Nxc3 7. bxc3 cxd4 8. cxd4 Bb4+ 9. Bd2 Bxd2+ 10. Qxd2 0-0 11. Bc4 Nc6 12. 0-0 b6 13. Rad1 Bb7 14. Rfe1 Na5 15. Bd3 h6 16. Qe3 Rc8 17. Ne5 Nc6 18. Nxc6 Bxc6 19. Ba6 Rc7 20. Rc1 Qd7 21. Qf4 f5 22. Bc4 Rcc8 23. Qe5 Rfe8 24. exf5 Bd5 25. fxe6 Bxe6 26. Bxe6+ 1-0

[Event "Copenhagen Sommerskak op"]
[White "Ostergaard, Rasmus"]
[Black "Petersen, Steen Brustrup"]
[Site "Copenhagen"]
[Round "?"]
[Result "1-0"]
[Date "1997.??.??"]
[WhiteElo "2180"]
[BlackElo "2140"]
[PlyCount "109"]
[EventDate "1997.??.??"]
[EventType "swiss"]
[EventRounds "10"]
[EventCountry "DEN"]
[SourceTitle "EXT 1999"]
[Source "ChessBase"]
[SourceDate "1998.11.16"]
[SourceVersion "1"]
[SourceVersionDate "1998.11.16"]
[SourceQuality "1"]

1. d4 Nf6 2. c4 c5 3. d5 e5 4. Nc3 d6 5. e4 Be7 6. g3 0-0 7. Bg2 Na6 8. Nge2 Nc7 9. a3 b5 10. cxb5 Rb8 11. a4 a6 12. bxa6 Bxa6 13. 0-0 Nd7 14. Qc2 Rb4 15. b3 c4 16. bxc4 Rxc4 17. Be3 Qa8 18. Rfb1 Nc5 19. Bxc5 Rxc5 20. Qb2 f5 21. exf5 Bd3 22. Rd1 Bxf5 23. Ne4 Ra5 24. N2c3 Qa7 25. Rab1 Bxe4 26. Bxe4 Bg5 27. Qb6 Ne8 28. Qxa7 Rxa7 29. Rb6 Raf7 30. Rb2 Nc7 31. h4 Bd8 32. Bd3 Na8 33. Ne4 Bb6 34. Rdd2 Bd4 35. Rbc2 Ra7 36. Bb5 Rd8 37. Ng5 Nc7 38. Bc6 h6 39. Ne4 Kf7 40. Rc4 Ke7 41. Rdc2 Na6 42. a5 Nc5 43. Nxc5 Bxc5 44. Ra2 Rb8 45. a6 Rb6 46. Bb7 h5 47. Kg2 Rb3 48. Rac2 Rb1 49. Re2 Kf6 50. f4 Rb4 51. fxe5+ dxe5 52. Rec2 Bd6 53. Rf2+ Ke7 54. Rc8 Rb6 55. Rg8 1-0

[Event "Politiken Cup 17th"]
[White "Guindy, Esmat Susanne"]
[Black "Ostergaard, Rasmus"]
[Site "Copenhagen"]
[Round "9"]
[Result "1-0"]
[Date "1995.??.??"]
[WhiteElo "2045"]
[BlackElo "2180"]
[PlyCount "116"]
[EventDate "1995.06.??"]
[EventType "swiss"]
[EventRounds "10"]
[EventCountry "DEN"]
[SourceTitle "CBM 047 Extra"]
[Source "ChessBase"]
[SourceDate "1995.09.01"]
[SourceVersion "1"]
[SourceVersionDate "1995.09.01"]
[SourceQuality "1"]

1. d4 Nf6 2. c4 c5 3. d5 b5 4. cxb5 a6 5. f3 e6 6. e4 exd5 7. e5 Qe7 8. Qe2 Ng8 9. Nc3 Bb7 10. Nh3 axb5 11. Nxb5 Ba6 12. Bg5 Bxb5 13. Qxb5 Qxe5+ 14. Kf2 Qd4+ 15. Be3 Qb4 16. Qxb4 cxb4 17. Nf4 Nf6 18. Bd4 Be7 19. Bd3 0-0 20. Rhe1 Nc6 21. Be3 Bd6 22. Re2 Rfe8 23. g3 Re5 24. b3 Rae8 25. Rc1 d4 26. Bd2 Ra8 27. Rc2 Rea5 28. Bc1 Ne5 29. h4 h6 30. Red2 Nc6 31. Ne2 Nd5 32. Be4 Nc3 33. Bxc6 dxc6 34. Nxd4 Bc5 35. Kg2 Bxd4 36. Rxd4 Rxa2 37. Rxa2 Rxa2+ 38. Kh3 Ne2 39. Rc4 Nxc1 40. Rxc1 Rb2 41. Rxc6 Rxb3 42. Rc8+ Kh7 43. Kg4 g6 44. Rb8 Kg7 45. Rb6 h5+ 46. Kf4 Rb1 47. g4 hxg4 48. fxg4 b3 49. Kg3 b2 50. Kg2 f5 51. gxf5 gxf5 52. Rb7+ Kg6 53. Rb6+ Kh5 54. Rb4 f4 55. Kh2 f3 56. Rb5+ Kxh4 57. Rb4+ Kg5 58. Rg4+ Kf5 1-0